000 00491pab a2200169 454500
008 180718b2008 xxu||||| |||| 00| 0 eng d
100 _aPepinsky, Thomas B.
245 _aCapital mobility and coalitional politics: authoritarian regimes and economic adjustment in Southeast Asia
260 _c2008
300 _ap.438-74.
362 _aApr
650 _aEconomic recession - Southeast Asia
650 _aEconomic recession
773 _aUrban Politics
908 _aN
909 _a79544
999 _c79544
_d79544